000 00608nam a2200169 a 4500
001 000040566
005 20201002034223.0
008 130902s1998 mx 000 0 spa d
020 _a9681803841
040 _aDO-SdBNP
_bspa
_cBNPHU
082 _axxx
_bxxx
100 1 _aRobb, Louis A.
_966888
245 1 0 _aDiccionario de términos legales = Dictionary of legal terms :
_bespañol - inglés e inglés - español = spanish - english and english - spanish /
_cLouis A. Robb.
260 _aMéxico :
_bLimusa,
_c1998.
300 _a228 p. ;
_c23 cm.
500 _aLa biblioteca posee la vigesimocuarta reimpresión
999 _c40056
_d40056